000 00357nam a2200133Ia 4500
008 240624s9999 xx 000 0 und d
041 _aeng
082 _a658.401 MOU
100 _aMOURKOGIANNIS NIKOS
245 _aPURPOSE THE STARTING POINT OF GREAT COMP
260 _c2006
_aNew York
_bPalgrave Macmillan
300 _axv, 253 p.; 24 cm.
365 _c
_b38
999 _c29140
_d29140